| 000 | 01571cas a22004331a 4500 | ||
|---|---|---|---|
| 001 | data | ||
| 005 | 20260322212115.0 | ||
| 007 | data | ||
| 007 | data | ||
| 008 | data | ||
| 035 | _a11431416 | ||
| 906 |
_a7 _bcbc _cserials _du _encip _f19 _gn-oclcserc |
||
| 010 | _asf 94092699 | ||
| 035 | _a(OCoLC)33160700 | ||
| 040 |
_aDLC _beng _cDLC _dOCLCQ _dOCLCO _dOCLCF _dOCLCO _dOCLCQ |
||
| 042 | _apcc | ||
| 050 | 0 | 0 | _aMicrofilm 94/4156 |
| 245 | 0 | 0 | _aDynamic adventures. |
| 260 |
_aNew York, N.Y. : _bStreet & Smith Publications, _c1935- |
||
| 300 |
_avolumes : _billustrations ; _c25 cm |
||
| 310 | _aMonthly | ||
| 336 |
_atext _btxt _2rdacontent |
||
| 337 |
_amicroform _bh _2rdamedia |
||
| 338 |
_amicrofilm reel _bhd _2rdacarrier |
||
| 362 | 0 | _aVol. 1, no. 1 (Oct. 1935)- | |
| 500 | _aTitle from cover. | ||
| 533 |
_aMicrofilm. _mv.1:no. 1-v.2:no. 2 (Oct. 1935-May 1936):[Lacks v.2:no. 1, v.2:no. 3] _bWashington, D.C. : _cAvailable from Library of Congress Photoduplication Service. _cAvailable from Library of Congress Photoduplication Service. _e1 microfilm reels ; 35 mm. |
||
| 590 | _aSERBIB/SERLOC merged record | ||
| 650 | 0 |
_aAdventure stories _vPeriodicals. |
|
| 650 | 7 |
_aAdventure stories. _2fast _0(OCoLC)fst00797462 |
|
| 655 | 7 |
_aPeriodicals. _2fast _0(OCoLC)fst01411641 |
|
| 776 | 1 |
_cOriginal _w(OCoLC)19591339 _w(OCoLC)19591339 |
|
| 890 |
_aDynamic adventures. [microfilm] _isf94-92699 |
||
| 920 | _aKeep 1 | ||
| 991 |
_bc-MicRR _hMicrofilm 94/4156 _wSERIALS |
||
| 992 |
_bMicRR _wSERLOC |
||
| 999 |
_c1731 _d1731 |
||